| 000 | 00439nam a2200145 a 4500 | ||
|---|---|---|---|
| 001 | 000047662 | ||
| 005 | 20201002060649.0 | ||
| 008 | 180716s2004 dr 000 spa d | ||
| 040 |
_aDO-SdBNP _bspa _cBNPHU |
||
| 100 | 1 |
_aRodríguez, Lizet _975270 |
|
| 245 | 0 |
_aEspañol IV : módulo del y la estudiante. / _cLizet Rodríguez. |
|
| 260 |
_aSanto Domingo : _bCentenario, _c2004. |
||
| 300 |
_a112 p. ; _c28 cm. |
||
| 590 | _aInventariado,2018/DG | ||
| 999 |
_c47150 _d47150 |
||